000 00612nam a2200229Ia 4500
001 1366
003 GE_BSU
008 181216s||||||||xx |||||||||||||| ||und||
020 _a5756701346
040 _cGE_BSU
080 _a159.9(075.8)
100 _aШульговский, В.В.
245 _aОсновы нейрофизиологии
245 _bуч-е пособие для студ. вуза
260 _aМосква
260 _bАспект-Пресс
260 _c2000
300 _a277стр.
541 _h8л.
653 _aОсновы нейрофизиологии
942 _cBK
999 _c35505
_d35505